00306nam a2200121Ia 4500008004100000041000800041082001200049100001300061245002400074260004400098300003100142365001100173240624s9999 xx 000 0 und d aeng a920 SYE aSYED M H aJAYAPRAKASH NARAYAN c2011aMumbaibHimalaya Publishing House avii, : 346 : p. : cm. ; 22 cRSb30